| 000 | 00929nam a22002897a 4500 | ||
|---|---|---|---|
| 001 | 0063018 | ||
| 003 | KOHA_MİRAKIL | ||
| 005 | 20260207004428.0 | ||
| 007 | |||
| 008 | 181106b2018 tu |||gr||||#||||0|tur | | ||
| 020 |
_a9786056759000 _cxxxxx |
||
| 040 |
_aTR-BiSEU _btur _cTR-BiSEU _erda |
||
| 041 | 0 | _atur | |
| 044 | _ctu | ||
| 050 |
_aBP192 _b.E74 2018 |
||
| 100 | 1 | _aErgin, İbrahim. | |
| 245 | 1 |
_aKöklerini arayan inanç Alevilik: kökeni, gizli sırları, tarihi, felsefesi, temelleri ve pirleri/ _cİbrahim Ergin ; İbrahim Ergin . |
|
| 264 | 1 |
_a : _bToplumsal Dönüşüm Yayınları _c2018 |
|
| 300 | _a680 sayfa: 20 cm | ||
| 336 |
_ametin _btxt _2rdacontent |
||
| 337 |
_aaracısız _bn _2rdamedia |
||
| 338 |
_acilt _bnc _2rdacarrier |
||
| 490 | 1 |
_aToplumsal Dönüşüm yayınları ; _v337 |
|
| 500 | _aKaynakça var. | ||
| 830 | 1 |
_aToplumsal Dönüşüm yayınları ; _v337 _97543 |
|
| 942 |
_2lcc _cBK |
||
| 999 |
_c62814 _d62814 |
||